Smart Patient Monitoring Over A Custom M2M Framework / (Record no. 217254)
[ view plain ]
| 000 -LEADER | |
|---|---|
| fixed length control field | 00703 a2200193 4500 |
| 003 - CONTROL NUMBER IDENTIFIER | |
| control field | NUST |
| 005 - DATE AND TIME OF LATEST TRANSACTION | |
| control field | 20251219141641.0 |
| 040 ## - CATALOGING SOURCE | |
| Transcribing agency | Nust |
| 082 ## - DEWEY DECIMAL CLASSIFICATION NUMBER | |
| Classification number | 621.382,SAD |
| 100 ## - MAIN ENTRY--PERSONAL NAME | |
| Personal name | Sadiq Mohsin, (TE-48) |
| 9 (RLIN) | 132497 |
| 245 ## - TITLE STATEMENT | |
| Title | Smart Patient Monitoring Over A Custom M2M Framework / |
| Statement of responsibility, etc. | NC Mohsin Sadiq, NC Umer Majeed and NC Saim Jehan |
| 260 ## - PUBLICATION, DISTRIBUTION, ETC. | |
| Place of publication, distribution, etc. | Rawalpindi |
| Name of publisher, distributor, etc. | MCS (NUST) |
| Date of publication, distribution, etc. | June 2015 |
| 300 ## - PHYSICAL DESCRIPTION | |
| Extent | x,56 p.; |
| 505 ## - FORMATTED CONTENTS NOTE | |
| Formatted contents note | Introduction (Page-1), Literature Review (Page-10), Design and Development (Page-14), Project Analysis and Evaluation (Page-21), Conclusion (Page-28). |
| 650 ## - SUBJECT ADDED ENTRY--TOPICAL TERM | |
| Topical term or geographic name entry element | UG Project |
| 9 (RLIN) | 131132 |
| 651 ## - SUBJECT ADDED ENTRY--GEOGRAPHIC NAME | |
| Geographic name | TE-48 |
| 700 ## - ADDED ENTRY--PERSONAL NAME | |
| Personal name | Supervised by Dr. Adnan Ahmed Khan |
| 9 (RLIN) | 132387 |
| 942 ## - ADDED ENTRY ELEMENTS (KOHA) | |
| Koha item type | Project Report |
| Source of classification or shelving scheme | |
| Withdrawn status | Lost status | Source of classification or shelving scheme | Damaged status | Not for loan | Permanent Location | Current Location | Shelving location | Date acquired | Full call number | Barcode | Date last seen | Price effective from | Koha item type | Public note |
|---|---|---|---|---|---|---|---|---|---|---|---|---|---|---|
| Military College of Signals (MCS) | Military College of Signals (MCS) | Reference | 12/12/2016 | 621.382,SAD | MCSPTC-257 | 12/08/2016 | 12/12/2016 | Project Report | Almirah No. 94, Shelf No. 5 |
